| 000 | 00785nam a22002777a 4500 | ||
|---|---|---|---|
| 001 | 8611 | ||
| 003 | FISKH | ||
| 005 | 20251003162304.0 | ||
| 008 | 251002b cb ||||| |||| 00| 0 eng d | ||
| 020 | _a9789833578931 | ||
| 040 |
_aFISKH _beng _cFISKH _dFISKH |
||
| 050 | _aBZ7 | ||
| 082 | _a385 | ||
| 100 |
_aAnonymous _eAuthor |
||
| 245 | _aA magic train ride / | ||
| 260 |
_bSDN. BHD _c2010. |
||
| 300 |
_a24 pages : _bcolor illustrations ; _c26 cm. |
||
| 505 | _aG | ||
| 520 | _aA series of reader cum activity books for children to learn English as well as Mathematics. | ||
| 521 | 8 |
_a385
_bLexile estimate |
|
| 521 | 8 |
_aG
_bRaz-Plus |
|
| 650 |
_aEnglish book _vTransportations |
||
| 650 |
_aMathematics _vChildren |
||
| 942 |
_2ddc _cBK _n0 |
||
| 999 |
_c8611 _d8611 |
||